Skoczkowie narciarscy na podium klasyfikacji generalnej PŚ - Statystyki

Ogólne statystyki
  • Ten quiz został rozwiązany 166 razy
    112 od ostatniego zresetowania
  • Średni wynik to 93 z 134
Statystyki odpowiedzi
sezon pozycja Odpowiedź % Poprawnych
2013/14 1 Kamil Stoch
98%
2017/18 1 Kamil Stoch
98%
2016/17 2 Kamil Stoch
98%
2012/13 3 Kamil Stoch
98%
2018/19 3 Kamil Stoch
98%
2020/21 3 Kamil Stoch
98%
2000/01 1 Adam Małysz
97%
2001/02 1 Adam Małysz
97%
2002/03 1 Adam Małysz
97%
2006/07 1 Adam Małysz
97%
2010/11 3 Adam Małysz
97%
2016/17 1 Stefan Kraft
97%
2019/20 1 Stefan Kraft
97%
2023/24 1 Stefan Kraft
97%
2018/19 2 Stefan Kraft
97%
2022/23 2 Stefan Kraft
97%
2014/15 3 Stefan Kraft
97%
2003/04 1 Janne Ahonen
95%
2004/05 1 Janne Ahonen
95%
1999/00 2 Janne Ahonen
95%
2005/06 2 Janne Ahonen
95%
1995/96 3 Janne Ahonen
95%
1996/97 3 Janne Ahonen
95%
1999/00 3 Janne Ahonen
95%
2007/08 3 Janne Ahonen
95%
2015/16 1 Peter Prevc
95%
2013/14 2 Peter Prevc
95%
2014/15 2 Peter Prevc
95%
2018/19 1 Ryoyu Kobayashi
95%
2021/22 1 Ryoyu Kobayashi
95%
2023/24 2 Ryoyu Kobayashi
95%
2019/20 3 Ryoyu Kobayashi
95%
2020/21 1 Halvor Egner Granerud
93%
2022/23 1 Halvor Egner Granerud
93%
2009/10 1 Simon Ammann
90%
2008/09 2 Simon Ammann
90%
2010/11 2 Simon Ammann
90%
2006/07 3 Simon Ammann
90%
2014/15 1 Severin Freund
89%
2015/16 2 Severin Freund
89%
2013/14 3 Severin Freund
89%
2008/09 1 Gregor Schlierenzauer
88%
2012/13 1 Gregor Schlierenzauer
88%
2007/08 2 Gregor Schlierenzauer
88%
2009/10 2 Gregor Schlierenzauer
88%
2011/12 2 Gregor Schlierenzauer
88%
1998/99 1 Martin Schmitt
88%
1999/00 1 Martin Schmitt
88%
2000/01 2 Martin Schmitt
88%
2007/08 1 Thomas Morgenstern
88%
2010/11 1 Thomas Morgenstern
88%
2009/10 3 Thomas Morgenstern
88%
2011/12 1 Anders Bardal
86%
2012/13 2 Anders Bardal
86%
2023/24 3 Andreas Wellinger
85%
1998/99 2 Noriaki Kasai
84%
1993/94 3 Noriaki Kasai
84%
2005/06 1 Jakub Janda
82%
2022/23 3 Anze Lanisek
81%
1982/83 1 Matti Nykanen
79%
1984/85 1 Matti Nykanen
79%
1985/86 1 Matti Nykanen
79%
1987/88 1 Matti Nykanen
79%
1983/84 2 Matti Nykanen
79%
2019/20 2 Karl Geiger
78%
2021/22 2 Karl Geiger
78%
2017/18 2 Richard Freitag
77%
2001/02 2 Sven Hannawald
76%
2002/03 2 Sven Hannawald
76%
2016/17 3 Daniel Andre Tande
75%
2017/18 3 Daniel Andre Tande
75%
1996/97 1 Primoz Peterka
74%
1997/98 1 Primoz Peterka
74%
2011/12 3 Andreas Kofler
71%
1992/93 1 Andreas Goldberger
68%
1994/95 1 Andreas Goldberger
68%
1995/96 1 Andreas Goldberger
68%
1994/95 3 Andreas Goldberger
68%
2020/21 2 Markus Eisenbichler
68%
2021/22 3 Marius Lindvik
67%
1997/98 2 Kazuyoshi Funaki
66%
1997/98 3 Kazuyoshi Funaki
66%
2008/09 3 Wolfgang Loitzl
66%
2006/07 2 Anders Jacobsen
65%
1983/84 1 Jens Weissflog
64%
1988/89 2 Jens Weissflog
64%
1993/94 2 Jens Weissflog
64%
2001/02 3 Matti Hautamäki
62%
2004/05 3 Matti Hautamäki
62%
2003/04 2 Roar Ljøkelsøy
57%
2004/05 2 Roar Ljøkelsøy
57%
1990/91 1 Andreas Felder
56%
1984/85 2 Andreas Felder
56%
1985/86 3 Andreas Felder
56%
1987/88 3 Andreas Felder
56%
1990/91 3 Andreas Felder
56%
1992/93 3 Andreas Felder
56%
2015/16 3 Kenneth Gangnes
56%
1993/94 1 Espen Bredesen
55%
1998/99 3 Andreas Widhölzl
54%
2002/03 3 Andreas Widhölzl
54%
1991/92 1 Toni Nieminen
54%
1980/81 1 Armin Kogler
51%
1981/82 1 Armin Kogler
51%
1979/80 2 Armin Kogler
51%
1982/83 3 Armin Kogler
51%
2003/04 3 Bjørn Einar Romøren
48%
1989/90 1 Ari Pekka Nikkola
43%
1995/96 2 Ari Pekka Nikkola
43%
1988/89 1 Jan Boklov
43%
2005/06 3 Andreas Küttel
42%
1979/80 1 Hubert Neuper
41%
1981/82 2 Hubert Neuper
41%
2000/01 3 Risto Jussilainen
41%
1994/95 2 Roberto Cecon
37%
1986/87 1 Vegard Opaas
34%
1996/97 2 Dieter Thoma
32%
1989/90 3 Dieter Thoma
32%
1991/92 3 Dieter Thoma
32%
1985/86 2 Ernst Vettori
31%
1986/87 2 Ernst Vettori
31%
1989/90 2 Ernst Vettori
31%
1984/85 3 Ernst Vettori
31%
1979/80 3 Stanisław Bobak
27%
1992/93 2 Jaroslav Sakala
23%
1987/88 2 Pavel Ploc
21%
1983/84 3 Pavel Ploc
21%
1988/89 3 Primoz Ulaga
20%
1980/81 2 Roger Ruud
16%
1982/83 2 Horst Bulau
15%
1980/81 3 Horst Bulau
15%
1981/82 3 Horst Bulau
15%
1990/91 2 Stefan Zünd
7%
1991/92 2 Werner Rathmayr
7%
Nie znaleziono quizów pasujących do podanych kryteriów
Rozkład punktacji
Procent ludzi z każdym wynikiem
Percentyl według liczby udzielonych odpowiedzi
Twoja historia wyników
Nie rozwiązałeś tego quizu od ostatniego zresetowania